Civil engineering : (Record no. 9655)

MARC details
000 -LEADER
fixed length control field 00488nmm a2200133 a 4500
100 1# - MAIN ENTRY--AUTHOR NAME
Personal name Fair Weather, Virginia.
245 10 - TITLE STATEMENT
Title Civil engineering :
260 ## - PUBLICATION, DISTRIBUTION, ETC. (IMPRINT)
Place of publication New York :
Name of publisher American Society of Civil Engineering ,
Year of publication 1986.
300 ## - PHYSICAL DESCRIPTION
Number of Pages 138 p.
856 40 - ELECTRONIC LOCATION AND ACCESS
Uniform Resource Identifier http://www.amazon.com/exec/obidos/ASIN/B00EAFF1XW/chopaconline-20
Holdings
Withdrawn status Lost status Home library Current library Date acquired Full call number Accession Number Koha item type
    Central Library, QUEST, Nawabshah Central Library, QUEST, Nawabshah 09/09/2014 FAI D274 Books